|
|
|
|
| LEADER |
01178nam a2200277 u 4500 |
| 001 |
10024545 |
| 003 |
GR-PaULI |
| 005 |
20241108063352.0 |
| 008 |
961003s1968 ge ger |
| 952 |
|
|
|0 0
|1 0
|2 ddc
|4 0
|6 Π_Σ_515_730000000000000_FLO
|7 0
|8 NFIC
|9 228945
|a LISP
|b LISP
|c REF
|d 2019-01-11
|i 050242
|l 0
|o Π/Σ 515.73 FLO
|p 025000043606
|r 2019-01-11 00:00:00
|t 1
|w 2019-01-11
|y BK15
|
| 999 |
|
|
|c 118810
|d 118810
|
| 040 |
|
|
|a GR-PaULI
|c GR-PaULI
|b gre
|e AACR2
|
| 082 |
|
|
|2 23
|a 515.73
|
| 100 |
1 |
|
|a Floret, Klaus
|9 150770
|e συγγραφέας.
|
| 245 |
1 |
0 |
|a Einführung in die Theorie der lokalkonvexen Räume /
|c Klaus Floret, Joseph Wloka.
|
| 260 |
|
|
|a Berlin :
|b Springer,
|c 1968.
|
| 300 |
|
|
|a vii, 194 σ. ;
|c 28 εκ.
|
| 490 |
1 |
|
|a Lecture notes in mathematics
|v 56.
|
| 504 |
|
|
|a Περιλαμβάνει βιβλιογραφικές παραπομπές και ευρετήριο.
|
| 505 |
1 |
|
|a
|
| 650 |
|
4 |
|a Διανυσματικοί χώροι
|9 44815
|
| 650 |
|
4 |
|a Τοπολογία
|9 109
|
| 700 |
1 |
|
|a Wloka, Joseph
|9 50474
|e συγγραφέας.
|
| 830 |
|
0 |
|a Lecture notes in mathematics (Springer-Verlag)
|v 56.
|9 161263
|
| 942 |
|
|
|2 ddc
|c BKN
|
| 998 |
|
|
|c ΜΠΟΥΡΑΣ
|d 2019-01
|